| 000 | 00529nam a2200157 4500 | ||
|---|---|---|---|
| 008 | 050714s1962 xx 000 0 eng | ||
| 090 |
_aBT771.2 _bC24 |
||
| 100 | 1 |
_aCartwright, Lin Dorwin, _d1886- |
|
| 245 | 1 | 4 |
_aThe great commitment : _bthe meaning of the confession of faith. |
| 260 |
_aSt. Louis : _bBethany Press, _c[1962] |
||
| 300 | _a144 p. | ||
| 504 | _aIncludes bibliography. | ||
| 600 | 1 | 4 |
_aJesus Christ _xPerson and offices. |
| 650 | 4 | _aFaith. | |
| 951 |
_p18941 _x00006363 _oBT771.2/C24 _j070613111503781 _d2000-12-21 _cGC |
||
| 999 |
_c23822 _d23822 |
||